| 000 | 00509nam a2200181Ia 4500 | ||
|---|---|---|---|
| 008 | 151018s9999 xx 000 0 und d | ||
| 082 |
_bRBASDV7444 _a891.433 |
||
| 100 | _aनंदा गुलशन | ||
| 245 | _aसावली रान | ||
| 250 | _b1 | ||
| 260 |
_bस्टार _c1970 |
||
| 300 | _a126 | ||
| 600 | _aनंदा गुलशन | ||
| 630 | _aसावली रान | ||
| 700 | _aनंदा गुलशन | ||
| 730 | _aसावली रान | ||
| 942 | _cBOOK | ||
| 999 |
_c1009811 _d1009808 |
||